<?xml version="1.0" encoding="UTF-8"?>
<record
    xmlns:xsi="http://www.w3.org/2001/XMLSchema-instance"
    xsi:schemaLocation="http://www.loc.gov/MARC21/slim http://www.loc.gov/standards/marcxml/schema/MARC21slim.xsd"
    xmlns="http://www.loc.gov/MARC21/slim">

  <leader>00790nam a2200205Ia 4500</leader>
  <controlfield tag="008">221110s9999    xx            000 0 und d</controlfield>
  <datafield tag="020" ind1=" " ind2=" ">
    <subfield code="a">97896288388449628838849</subfield>
  </datafield>
  <datafield tag="041" ind1=" " ind2=" ">
    <subfield code="a">chi</subfield>
    <subfield code="h">eng</subfield>
  </datafield>
  <datafield tag="050" ind1=" " ind2=" ">
    <subfield code="a">BV3793 </subfield>
    <subfield code="b">.F4712 2007</subfield>
  </datafield>
  <datafield tag="100" ind1=" " ind2=" ">
    <subfield code="a">Fernando, Ajith </subfield>
  </datafield>
  <datafield tag="245" ind1=" " ind2="0">
    <subfield code="a">&#x8DE8;&#x754C;&#x7684;&#x898B;&#x8B49; : </subfield>
    <subfield code="b">&#x5982;&#x4F55;&#x5728;&#x591A;&#x5143;&#x6587;&#x5316;&#x4E0B;&#x50B3;&#x798F;&#x97F3; /</subfield>
    <subfield code="c">&#x8CBB;&#x862D;&#x5EA6; (Ajith Fernando) &#x8457;; &#x8449;&#x81EA;&#x83C1;&#x8B6F;</subfield>
  </datafield>
  <datafield tag="246" ind1=" " ind2=" ">
    <subfield code="a">&#x8DE8;&#x754C;&#x7684;&#x89C1;&#x8BC1; : </subfield>
    <subfield code="b">&#x5982;&#x4F55;&#x5728;&#x591A;&#x5143;&#x6587;&#x5316;&#x4E0B;&#x4F20;&#x798F;&#x97F3; /</subfield>
  </datafield>
  <datafield tag="260" ind1=" " ind2=" ">
    <subfield code="a">&#x9999;&#x6E2F; : </subfield>
    <subfield code="b">&#x5B78;&#x751F;&#x798F;&#x97F3;&#x5718;&#x5951;&#x51FA;&#x7248;&#x793E;, </subfield>
    <subfield code="c">2007</subfield>
  </datafield>
  <datafield tag="300" ind1=" " ind2=" ">
    <subfield code="a">xiii, 325 p. </subfield>
    <subfield code="b">; </subfield>
    <subfield code="c">21 cm.</subfield>
  </datafield>
  <datafield tag="490" ind1=" " ind2=" ">
    <subfield code="a">&#x4E8B;&#x5DE5;&#x7CFB;&#x5217;</subfield>
  </datafield>
  <datafield tag="500" ind1=" " ind2=" ">
    <subfield code="a">Translation of : Sharing the truth in love : how to relate to people of other faiths.</subfield>
  </datafield>
  <datafield tag="650" ind1=" " ind2=" ">
    <subfield code="a">Evangelistic work.Christianity and other religions.</subfield>
  </datafield>
  <datafield tag="700" ind1=" " ind2=" ">
    <subfield code="a">&#x8CBB;&#x862D;&#x5EA6;&#x8449;&#x81EA;&#x83C1;</subfield>
  </datafield>
  <datafield tag="952" ind1=" " ind2=" ">
    <subfield code="0">0</subfield>
    <subfield code="1">0</subfield>
    <subfield code="4">0</subfield>
    <subfield code="7">0</subfield>
    <subfield code="a">GETS</subfield>
    <subfield code="b">GETS</subfield>
    <subfield code="c"> GEN</subfield>
    <subfield code="d">2022-11-09</subfield>
    <subfield code="g">18.00</subfield>
    <subfield code="l">0</subfield>
    <subfield code="o">BV3793 .F4712 2007</subfield>
    <subfield code="p">00029772</subfield>
    <subfield code="r">2022-11-09 00:00:00</subfield>
    <subfield code="w">2022-11-09</subfield>
    <subfield code="y">CB</subfield>
  </datafield>
  <datafield tag="999" ind1=" " ind2=" ">
    <subfield code="c">42819</subfield>
    <subfield code="d">42819</subfield>
  </datafield>
</record>
